00413nam a22001577a 4500003001100000005001700011008004100028020001500069040003900084041000800123082001300131100002700144245002700171260003800198650001900236LK-CoMWRAF20230908095754.0230908b2005 |||||||| |||| 00| 0 eng d a9558328022 aLK-CoMWRAFdLK-CoMWRAFeLK-CoMWRAF aeng a170bSAM aSamarasinghe, Diyanath aResponsibility matters aWattala :bNest kare house,c2005 aResponsibility